00243nam a2200097Ia 4500008004100000041001200041100001600053245006400069260000600133650000600139221030s9999 xx 000 0 und d aEnglish aM. S. Kumar 0aFundamentals of Optical Fibre Communicationcby M. S. Kumar c0 aB